[Event "EU-chT Seniors"]
[Site "Vienna"]
[Date "2015.07.19"]
[Round "8.10"]
[White "Strauss, Anton"]
[Black "Zunker, Reinhard"]
[Result "1/2-1/2"]
[WhiteElo "2170"]
[BlackElo "2153"]
[PlyCount "22"]
[EventDate "2015.07.12"]
[EventType "team-swiss"]
[EventRounds "9"]
[EventCountry "AUT"]
[SourceTitle "EXT 2018"]
[Source "ChessBase"]
[SourceDate "2017.10.13"]
[SourceVersion "1"]
[SourceVersionDate "2017.10.13"]
[SourceQuality "1"]
[WhiteTeam "Wien"]
[BlackTeam "Hessen II"]
[WhiteTeamCountry "AUT"]
[BlackTeamCountry "GER"]

1. e4 c5 2. Nf3 e6 3. d4 cxd4 4. Nxd4 a6 5. Nd2 Qc7 6. Bd3 b5 7. a4 b4 8. 0-0 Nf6 9. Qe2 d6 10. Kh1 Nbd7 11. f4 Bb7 1/2-1/2

[Event "EU-chT Seniors"]
[Site "Vienna"]
[Date "2015.07.18"]
[Round "7.11"]
[White "Kauko, Pekka"]
[Black "Strauss, Anton"]
[Result "0-1"]
[WhiteElo "2039"]
[BlackElo "2170"]
[PlyCount "103"]
[EventDate "2015.07.12"]
[EventType "team-swiss"]
[EventRounds "9"]
[EventCountry "AUT"]
[SourceTitle "EXT 2018"]
[Source "ChessBase"]
[SourceDate "2017.10.13"]
[SourceVersion "1"]
[SourceVersionDate "2017.10.13"]
[SourceQuality "1"]
[WhiteTeam "Turku"]
[BlackTeam "Wien"]
[WhiteTeamCountry "FIN"]
[BlackTeamCountry "AUT"]

1. c4 c5 2. Nf3 g6 3. g3 b6 4. d3 Bg7 5. Bg2 Bb7 6. 0-0 Nf6 7. Nc3 0-0 8. e4 Nc6 9. Bf4 Ne8 10. Qd2 Nc7 11. Bh6 Ne6 12. Bxg7 Kxg7 13. Nh4 Ned4 14. f4 f6 15. Rf2 d6 16. Raf1 Qd7 17. Qd1 Rae8 18. Nd5 Nb4 19. Ne3 Nxa2 20. g4 Nb4 21. g5 fxg5 22. fxg5 Nbc6 23. Ng4 Ne5 24. Nh6 Bc8 25. N4f5+ Nxf5 26. exf5 Bb7 27. Be4 Bxe4 28. dxe4 b5 29. Qd5 bxc4 30. fxg6 Rxf2 31. Rxf2 hxg6 32. Qd1 Qh3 33. Qe2 Rb8 34. Rf4 Rb3 35. Qf2 Rf3 36. Rxf3 Qxf3 37. Qxf3 Nxf3+ 38. Kf2 Nxg5 39. Ng4 Nxe4+ 40. Ke3 c3 41. bxc3 Nxc3 42. Kd3 Nd5 43. Kc4 e6 44. Nf2 Kf6 45. h4 Nc7 46. Ne4+ Ke7 47. Ng5 a5 48. Nh3 a4 49. Nf4 Kf6 50. h5 gxh5 51. Nxh5+ Ke5 52. Ng3 0-1

[Event "EU-chT Seniors"]
[Site "Vienna"]
[Date "2015.07.16"]
[Round "5.12"]
[White "Kierzek, Mira"]
[Black "Strauss, Anton"]
[Result "0-1"]
[WhiteElo "2084"]
[BlackElo "2170"]
[PlyCount "84"]
[EventDate "2015.07.12"]
[EventType "team-swiss"]
[EventRounds "9"]
[EventCountry "AUT"]
[SourceTitle "EXT 2018"]
[Source "ChessBase"]
[SourceDate "2017.10.13"]
[SourceVersion "1"]
[SourceVersionDate "2017.10.13"]
[SourceQuality "1"]
[WhiteTeam "Germany (W)"]
[BlackTeam "Wien"]
[WhiteTeamCountry "GER"]
[BlackTeamCountry "AUT"]

1. d4 Nf6 2. c4 e6 3. Nf3 b6 4. g3 Bb7 5. Bg2 Bb4+ 6. Bd2 Be7 7. 0-0 0-0 8. Nc3 d6 9. Qc2 c5 10. e4 Nc6 11. d5 Nd4 12. Nxd4 cxd4 13. Ne2 e5 14. Rac1 a5 15. b3 Nd7 16. f4 Nc5 17. Qb1 Bc8 18. Rce1 Ba6 19. Nc1 b5 20. cxb5 Bxb5 21. Rf2 Qb6 22. Bf1 exf4 23. Bxf4 Bxf1 24. Kxf1 Bf6 25. e5 dxe5 26. Bxe5 Bxe5 27. Rxe5 Rac8 28. Kg1 Qd6 29. Qf5 Nd7 30. Re1 Nf6 31. Ne2 Rce8 32. Rd1 Re5 33. Qf4 Ne4 34. Rff1 Ng5 35. Qg4 Nh3+ 36. Kg2 Qxd5+ 37. Qf3 Rxe2+ 38. Kxh3 Qe6+ 39. Qf5 Qh6+ 40. Kg4 Rxh2 41. Qxa5 f5+ 42. Rxf5 Qg6+ 0-1

[Event "EU-chT Seniors 11th"]
[Site "Velden"]
[Date "2009.04.05"]
[Round "1"]
[White "Fritsch, Juergen"]
[Black "Strauss, Anton"]
[Result "0-1"]
[WhiteElo "2011"]
[BlackElo "2205"]
[PlyCount "110"]
[EventDate "2009.04.05"]
[EventType "team-swiss"]
[EventRounds "9"]
[EventCountry "AUT"]
[SourceTitle "CBM 129 Extra"]
[Source "ChessBase"]
[SourceDate "2009.05.05"]
[SourceVersion "2"]
[SourceVersionDate "2009.05.20"]
[SourceQuality "1"]

1. d4 e6 2. e4 c5 3. c3 d5 4. Nd2 cxd4 5. cxd4 Nc6 6. Bb5 Qb6 7. exd5 Qxb5 8. dxc6 bxc6 9. Ne2 Ba6 10. Nc3 Qb6 11. Nb3 Nf6 12. Be3 Nd5 13. Qd2 Bb4 14. 0-0-0 Bc4 15. Qc2 Bxb3 16. axb3 0-0 17. Na4 Qb5 18. Qc4 Be7 19. Bd2 Rab8 20. Kc2 Rb7 21. Nc3 Nb4+ 22. Kb1 Qf5+ 23. Ka1 Rfb8 24. g4 Qxf2 25. Kb1 Qf3 26. Bc1 Nd5 27. Qd3 Nxc3+ 28. Qxc3 Qxc3 29. bxc3 Rxb3+ 30. Kc2 c5 31. d5 Bf6 32. d6 Rxc3+ 33. Kd2 Rc4 34. h3 Rd8 35. Ke2 Re4+ 36. Kf3 Rd4 37. Be3 R4xd6 38. Rxd6 Rxd6 39. Bxc5 Rd7 40. Rb1 h6 41. Rb8+ Kh7 42. Ra8 Bd4 43. Bxd4 Rxd4 44. Rxa7 f6 45. Ra5 e5 46. Ra3 Kg6 47. Kg3 h5 48. Rf3 hxg4 49. hxg4 Ra4 50. Kh4 Kh7 51. Kg3 g6 52. Rb3 Kg7 53. Rf3 Ra1 54. Rf2 Ra3+ 55. Kh4 g5+ 0-1

[Event "EU-ch Seniors 06th"]
[Site "Davos"]
[Date "2006.08.13"]
[Round "9"]
[White "Strauss, Anton"]
[Black "Serra Olives, Tomas"]
[Result "1-0"]
[WhiteElo "2191"]
[BlackElo "2140"]
[PlyCount "81"]
[EventDate "2006.08.05"]
[EventType "swiss"]
[EventRounds "9"]
[EventCountry "SUI"]
[SourceTitle "CBM 113 Extra"]
[Source "ChessBase"]
[SourceDate "2006.09.14"]
[SourceVersion "1"]
[SourceVersionDate "2006.09.14"]
[SourceQuality "1"]

1. c4 Nf6 2. Nf3 c5 3. g3 b6 4. Bg2 Bb7 5. 0-0 e6 6. Nc3 a6 7. b3 d6 8. Bb2 Be7 9. d4 cxd4 10. Nxd4 Bxg2 11. Kxg2 Qc7 12. e4 Nbd7 13. Rc1 0-0 14. Qe2 Rfe8 15. Rfe1 Rad8 16. f4 Bf8 17. Nf3 Qb7 18. Rcd1 Qc6 19. Nd4 Qb7 20. Qf3 h5 21. e5 Qxf3+ 22. Kxf3 dxe5 23. fxe5 Nh7 24. Nc6 Rc8 25. Rxd7 Rxc6 26. Ne4 Be7 27. Ra7 b5 28. cxb5 axb5 29. Rc1 Rxc1 30. Bxc1 f6 31. Rb7 b4 32. Bd2 f5 33. Nd6 Bxd6 34. exd6 Rd8 35. Bxb4 Ng5+ 36. Ke2 Ne4 37. a4 Nxd6 38. Bxd6 Rxd6 39. a5 e5 40. Rb6 Rd4 41. a6 1-0

[Event "EU-ch Seniors 06th"]
[Site "Davos"]
[Date "2006.08.09"]
[Round "5"]
[White "Strauss, Anton"]
[Black "Malisov, Boris"]
[Result "0-1"]
[WhiteElo "2191"]
[BlackElo "2324"]
[PlyCount "52"]
[EventDate "2006.08.05"]
[EventType "swiss"]
[EventRounds "9"]
[EventCountry "SUI"]
[SourceTitle "CBM 113 Extra"]
[Source "ChessBase"]
[SourceDate "2006.09.14"]
[SourceVersion "1"]
[SourceVersionDate "2006.09.14"]
[SourceQuality "1"]

1. Nf3 g6 2. e4 c6 3. Be2 d5 4. d3 Bg7 5. 0-0 Nh6 6. c3 0-0 7. Bf4 f6 8. e5 Na6 9. exf6 exf6 10. Nd4 Nf7 11. Nd2 f5 12. h3 g5 13. Bh2 Bxd4 14. cxd4 f4 15. h4 Nc7 16. Nb3 Qf6 17. Bg4 b6 18. Re1 Bxg4 19. Qxg4 Rae8 20. hxg5 Nxg5 21. Rxe8 Nxe8 22. Re1 Ng7 23. Re5 h6 24. Qd7 Qg6 25. Kh1 f3 26. gxf3 Qxd3 0-1

[Event "EU-ch Seniors 06th"]
[Site "Davos"]
[Date "2006.08.07"]
[Round "3"]
[White "Strauss, Anton"]
[Black "Storkebaum, Karl Heinrich"]
[Result "1-0"]
[WhiteElo "2191"]
[BlackElo "2058"]
[PlyCount "77"]
[EventDate "2006.08.05"]
[EventType "swiss"]
[EventRounds "9"]
[EventCountry "SUI"]
[SourceTitle "CBM 113 Extra"]
[Source "ChessBase"]
[SourceDate "2006.09.14"]
[SourceVersion "1"]
[SourceVersionDate "2006.09.14"]
[SourceQuality "1"]

1. c4 e5 2. Nc3 Nf6 3. g3 Nc6 4. Bg2 Bb4 5. Nd5 Bc5 6. e3 Nb4 7. Nxb4 Bxb4 8. Nf3 Qe7 9. 0-0 0-0 10. a3 e4 11. axb4 exf3 12. Bxf3 Qxb4 13. b3 Re8 14. Ba3 Qb6 15. d4 d5 16. cxd5 Qb5 17. d6 cxd6 18. Bxd6 Be6 19. e4 Bxb3 20. Qb1 a6 21. Re1 Bc4 22. Qxb5 axb5 23. Rxa8 Rxa8 24. d5 Ne8 25. Be7 f6 26. Bg4 Kf7 27. Bc5 g6 28. Be6+ Kg7 29. f4 Ra6 30. Bd7 Kf7 31. Be6+ Kg7 32. Bd7 Kf7 33. Bc8 Nd6 34. Be6+ Ke8 35. e5 fxe5 36. fxe5 Nf7 37. Bxf7+ Kxf7 38. e6+ Ke8 39. d6 1-0

[Event "Wch Seniors 14th"]
[Site "Halle"]
[Date "2004.11.04"]
[Round "10"]
[White "Strauss, Anton"]
[Black "Staller, Peter"]
[Result "1/2-1/2"]
[WhiteElo "2157"]
[BlackElo "2285"]
[PlyCount "96"]
[EventDate "2004.10.24"]
[EventType "swiss"]
[EventRounds "11"]
[EventCountry "GER"]
[SourceTitle "EXT 2005"]
[Source "ChessBase"]
[SourceDate "2004.11.15"]
[SourceVersion "1"]
[SourceVersionDate "2004.11.15"]
[SourceQuality "1"]

1. e4 e6 2. d4 d5 3. Nc3 Nf6 4. Bg5 dxe4 5. Nxe4 Be7 6. Bxf6 Bxf6 7. Nf3 Nd7 8. Qd2 0-0 9. 0-0-0 b6 10. Bd3 Bb7 11. Qf4 Be7 12. h4 Bxe4 13. Bxe4 Bd6 14. Qd2 Rc8 15. Kb1 Qe7 16. Rhe1 Rcd8 17. Qe2 c5 18. d5 e5 19. Bf5 Rfe8 20. Bxd7 Qxd7 21. Ng5 Be7 22. Qh5 Bxg5 23. Qxg5 f6 24. Qh5 Qf7 25. Qxf7+ Kxf7 26. Re3 c4 27. b3 b5 28. bxc4 bxc4 29. Ra3 Rd7 30. Kb2 e4 31. Rd4 Rb7+ 32. Kc1 f5 33. Rxc4 Kf6 34. d6 Rd8 35. Rc7 Rd7 36. Rxb7 Rxb7 37. Kd2 Ke5 38. Ra5+ Ke6 39. Ke3 g6 40. f3 exf3 41. Kxf3 Kxd6 42. h5 Rc7 43. hxg6 hxg6 44. c4 Rxc4 45. Rxa7 Rc3+ 46. Kf4 Rc4+ 47. Kf3 Rc3+ 48. Kf4 Rc4+ 1/2-1/2

[Event "Oberwart op"]
[Site "Oberwart"]
[Date "1999.??.??"]
[Round "3"]
[White "Strauss, Anton"]
[Black "Galkin, Alexander"]
[Result "0-1"]
[WhiteElo "2267"]
[BlackElo "2535"]
[PlyCount "116"]
[EventDate "1999.07.??"]
[EventType "swiss"]
[EventRounds "9"]
[EventCountry "AUT"]
[SourceTitle "EXT 2000"]
[Source "ChessBase"]
[SourceDate "1999.11.16"]
[SourceVersion "1"]
[SourceVersionDate "1999.11.16"]
[SourceQuality "1"]

1. Nf3 d5 2. c4 e6 3. g3 c6 4. Bg2 Nf6 5. b3 Nbd7 6. 0-0 b6 7. Bb2 Be7 8. Nc3 0-0 9. Rc1 Ba6 10. Nd4 Bb7 11. cxd5 cxd5 12. Na4 a6 13. Qc2 Rc8 14. Qb1 Rxc1 15. Rxc1 b5 16. Nc3 Qb6 17. Nd1 b4 18. d3 a5 19. Nf3 Bd6 20. Qa1 a4 21. Ne5 axb3 22. Nxd7 Nxd7 23. axb3 Ra8 24. Qb1 h6 25. Ba1 Ra3 26. Bb2 Ra5 27. Ba1 Qa7 28. e3 Ra3 29. Bd4 Qa6 30. f4 e5 31. fxe5 Bxe5 32. Bh3 Bxd4 33. exd4 Nf6 34. Ne3 Qa7 35. Nc2 Ra2 36. Kh1 Ra5 37. Qb2 Qb6 38. Ra1 Ba6 39. Rxa5 Qxa5 40. Bf1 Ng4 41. Kg1 Qb6 42. h3 Nf6 43. Kh2 h5 44. Ne3 Bb5 45. Ng2 Bd7 46. Qf2 Qa6 47. Ne3 Qa1 48. Nf5 Bxf5 49. Qxf5 Qxd4 50. Qc8+ Kh7 51. Qf5+ g6 52. Qf4 Qc3 53. g4 hxg4 54. hxg4 Kg7 55. d4 Qe1 56. Bg2 Qh4+ 57. Bh3 Ne4 58. Kg2 Qg5 0-1

[Event "Oberwart op"]
[Site "Oberwart"]
[Date "1999.??.??"]
[Round "7"]
[White "Strauss, Anton"]
[Black "Hamberger, Hermann"]
[Result "1/2-1/2"]
[WhiteElo "2267"]
[BlackElo "2175"]
[PlyCount "30"]
[EventDate "1999.07.??"]
[EventType "swiss"]
[EventRounds "9"]
[EventCountry "AUT"]
[SourceTitle "EXT 2000"]
[Source "ChessBase"]
[SourceDate "1999.11.16"]
[SourceVersion "1"]
[SourceVersionDate "1999.11.16"]
[SourceQuality "1"]

1. e4 c5 2. c3 d6 3. d4 Nf6 4. Bb5+ Bd7 5. Bxd7+ Qxd7 6. f3 g6 7. Ne2 Bg7 8. Be3 Qc7 9. 0-0 0-0 10. Nd2 Nbd7 11. a4 e5 12. b4 b6 13. Qb3 Rfc8 14. a5 c4 15. axb6 axb6 1/2-1/2

[Event "Vienna op 13th"]
[Site "Vienna"]
[Date "1998.??.??"]
[Round "?"]
[White "Popovic, Petar"]
[Black "Strauss, Anton"]
[Result "1-0"]
[WhiteElo "2525"]
[BlackElo "2270"]
[PlyCount "47"]
[EventDate "1998.10.25"]
[EventType "swiss"]
[EventRounds "9"]
[EventCountry "AUT"]
[SourceTitle "EXT 2000"]
[Source "ChessBase"]
[SourceDate "1999.11.16"]
[SourceVersion "1"]
[SourceVersionDate "1999.11.16"]
[SourceQuality "1"]

1. e4 e5 2. Nf3 Nc6 3. Bb5 Nf6 4. d3 d6 5. c3 Be7 6. 0-0 0-0 7. Re1 Nb8 8. d4 c6 9. Bd3 Qc7 10. Nbd2 Re8 11. Nf1 Nbd7 12. Ng3 Nf8 13. Nh4 Ng6 14. Nhf5 Nf4 15. Nxe7+ Rxe7 16. Bxf4 exf4 17. Nh5 Nxh5 18. Qxh5 Bd7 19. Qh4 Rae8 20. Qxf4 f5 21. Re3 fxe4 22. Bxe4 Be6 23. Rae1 g6 24. Qg5 1-0

[Event "Oberwart op"]
[Site "Oberwart"]
[Date "1997.07.07"]
[Round "3"]
[White "Medvegy, Zoltan"]
[Black "Strauss, Anton"]
[Result "1/2-1/2"]
[WhiteElo "2295"]
[BlackElo "2240"]
[PlyCount "65"]
[EventDate "1997.07.05"]
[EventType "swiss"]
[EventRounds "9"]
[EventCountry "AUT"]
[SourceTitle "EXT 1999"]
[Source "ChessBase"]
[SourceDate "1998.11.16"]
[SourceVersion "1"]
[SourceVersionDate "1998.11.16"]
[SourceQuality "1"]

1. e4 c5 2. Nf3 Nc6 3. d4 cxd4 4. Nxd4 Nf6 5. Nc3 e6 6. Ndb5 Bb4 7. a3 Bxc3+ 8. Nxc3 d5 9. exd5 exd5 10. Bd3 d4 11. Ne4 Nxe4 12. Bxe4 Bf5 13. Bxf5 Qa5+ 14. c3 Qxf5 15. Qe2+ Qe6 16. Qxe6+ fxe6 17. cxd4 Nxd4 18. 0-0 Ne2+ 19. Kh1 Nxc1 20. Raxc1 0-0 21. Rc7 Rf7 22. Rfc1 Rd8 23. Rxf7 Kxf7 24. Rc7+ Ke8 25. g3 Rd7 26. Rc2 Ke7 27. Kg2 Kf6 28. Kf3 Rd5 29. Rc4 Rd3+ 30. Ke2 Rb3 31. Rc2 g5 32. Kd1 h5 33. Re2 1/2-1/2

[Event "Vienna-ch"]
[Site "Vienna"]
[Date "1997.??.??"]
[Round "4"]
[White "Seiser, Kurt"]
[Black "Strauss, Anton"]
[Result "1/2-1/2"]
[WhiteElo "2100"]
[BlackElo "2235"]
[PlyCount "90"]
[EventDate "1997.??.??"]
[EventType "swiss"]
[EventRounds "9"]
[EventCountry "AUT"]
[SourceTitle "EXT 1999"]
[Source "ChessBase"]
[SourceDate "1998.11.16"]
[SourceVersion "1"]
[SourceVersionDate "1998.11.16"]
[SourceQuality "1"]

1. d4 Nf6 2. e3 c5 3. c3 g6 4. Nf3 Bg7 5. Be2 0-0 6. 0-0 d5 7. Nbd2 cxd4 8. exd4 Nc6 9. Re1 Ne8 10. Bd3 Nd6 11. Nf1 Bg4 12. Ne3 Bxf3 13. Qxf3 e6 14. Ng4 f5 15. Nh6+ Bxh6 16. Bxh6 Re8 17. Qg3 Ne4 18. Bxe4 dxe4 19. f3 exf3 20. Qxf3 Qd5 21. Qg3 Rad8 22. h4 e5 23. Bg5 Rd7 24. dxe5 Rxe5 25. Rxe5 Qxe5 26. Bf4 Qe8 27. Re1 Re7 28. Rxe7 Qxe7 29. h5 Qe6 30. hxg6 hxg6 31. b3 Kf7 32. Kf2 Qe4 33. Qe3 Qc2+ 34. Qd2 Qxd2+ 35. Bxd2 Ke6 36. Bf4 Kd5 37. Ke3 b5 38. Kd3 Ne5+ 39. Ke3 a6 40. c4+ bxc4 41. Bxe5 Kxe5 42. bxc4 g5 43. g3 a5 44. a4 Kd6 45. Kd4 Ke6 1/2-1/2

[Event "Vienna-ch"]
[Site "Vienna"]
[Date "1997.??.??"]
[Round "6"]
[White "Strauss, Anton"]
[Black "Todor, Razvan"]
[Result "1/2-1/2"]
[WhiteElo "2235"]
[BlackElo "2170"]
[PlyCount "64"]
[EventDate "1997.??.??"]
[EventType "swiss"]
[EventRounds "9"]
[EventCountry "AUT"]
[SourceTitle "EXT 1999"]
[Source "ChessBase"]
[SourceDate "1998.11.16"]
[SourceVersion "1"]
[SourceVersionDate "1998.11.16"]
[SourceQuality "1"]

1. e4 e6 2. d4 c5 3. Nf3 cxd4 4. Nxd4 Bc5 5. Nb3 Bb6 6. Bf4 Ne7 7. Bd3 Nbc6 8. 0-0 0-0 9. Nc3 d5 10. exd5 exd5 11. Qh5 g6 12. Qg5 Bf5 13. Bxf5 Nxf5 14. Rad1 Nb4 15. a3 Qxg5 16. Bxg5 Nxc2 17. Nxd5 Bd8 18. Bd2 Ncd4 19. Nxd4 Nxd4 20. Rfe1 Ne6 21. Bc3 Rc8 22. g3 Rc6 23. Kf1 h5 24. Re4 Kh7 25. Rb4 b6 26. Re4 g5 27. f4 Nc5 28. Ree1 Re6 29. f5 Rh6 30. Kg2 Rc6 31. h3 a5 32. g4 Na4 1/2-1/2

[Event "Vienna-ch"]
[Site "Vienna"]
[Date "1997.??.??"]
[Round "5"]
[White "Strauss, Anton"]
[Black "Trkulja, Zoran"]
[Result "1-0"]
[WhiteElo "2235"]
[BlackElo "2195"]
[PlyCount "119"]
[EventDate "1997.??.??"]
[EventType "swiss"]
[EventRounds "9"]
[EventCountry "AUT"]
[SourceTitle "EXT 1999"]
[Source "ChessBase"]
[SourceDate "1998.11.16"]
[SourceVersion "1"]
[SourceVersionDate "1998.11.16"]
[SourceQuality "1"]

1. c4 Nf6 2. g3 e6 3. Bg2 c5 4. Nf3 Nc6 5. 0-0 Be7 6. b3 0-0 7. Bb2 Qc7 8. e3 a6 9. Qe2 b5 10. d3 b4 11. Rd1 Bb7 12. d4 cxd4 13. Nxd4 Nxd4 14. Bxd4 Bxg2 15. Kxg2 d5 16. Nd2 a5 17. Rac1 Qb7 18. cxd5 Nxd5 19. e4 Nf6 20. f3 a4 21. Nc4 axb3 22. axb3 Rfd8 23. Bf2 Qb5 24. Rxd8+ Bxd8 25. Qd2 Be7 26. Nb6 Rd8 27. Rc8 Qe8 28. Qc2 Rxc8 29. Nxc8 Bf8 30. Na7 h6 31. Nc6 g5 32. Bd4 Nd7 33. Qc4 g4 34. fxg4 Qa8 35. Bf2 Nf6 36. h3 Qb7 37. Be1 Qa8 38. Bxb4 Bxb4 39. Nxb4 Nxe4 40. Qc6 Qxc6 41. Nxc6 Kf8 42. h4 f6 43. b4 Ke8 44. Nd4 Kd7 45. b5 Kd6 46. b6 Nc5 47. Kf3 Kd5 48. Ke3 Nb7 49. Nb5 Kc6 50. Nc7 Nc5 51. Ne8 Nd7 52. Kf4 Kxb6 53. Ng7 Nf8 54. Nxe6 Nxe6+ 55. Kf5 Nc5 56. Kxf6 Ne4+ 57. Kg6 Nxg3 58. Kxh6 Kc6 59. h5 Kd6 60. Kg7 1-0

[Event "Vienna op-B"]
[Site "Vienna"]
[Date "1996.??.??"]
[Round "5"]
[White "Strauss, Anton"]
[Black "Doskocil, Klaus"]
[Result "0-1"]
[WhiteElo "2240"]
[BlackElo "2215"]
[PlyCount "52"]
[EventDate "1996.08.??"]
[EventType "swiss"]
[EventRounds "9"]
[EventCountry "AUT"]
[SourceTitle "EXT 2000"]
[Source "ChessBase"]
[SourceDate "1999.11.16"]
[SourceVersion "1"]
[SourceVersionDate "1999.11.16"]
[SourceQuality "1"]

1. e4 c5 2. Nf3 Nc6 3. d3 e6 4. g3 d5 5. Nbd2 Nf6 6. Bg2 Be7 7. 0-0 b6 8. Re1 Bb7 9. exd5 exd5 10. Nh4 Qd7 11. Nf1 d4 12. Qf3 0-0 13. Nf5 Bd8 14. g4 Na5 15. Qh3 Bxg2 16. Qxg2 Nc6 17. Bf4 Ne8 18. N1g3 Kh8 19. Re2 Bc7 20. Qf3 f6 21. Nh5 g6 22. Bh6 Rf7 23. Rae1 Be5 24. Ne7 Rxe7 25. Rxe5 Rxe5 26. Rxe5 Nxe5 0-1

[Event "Vienna op"]
[Site "Vienna"]
[Date "1995.??.??"]
[Round "5"]
[White "Stanec, Nikolaus"]
[Black "Strauss, Anton"]
[Result "1-0"]
[WhiteElo "2480"]
[BlackElo "2240"]
[PlyCount "71"]
[EventDate "1995.??.??"]
[EventType "swiss"]
[EventRounds "9"]
[EventCountry "AUT"]
[SourceTitle "EXT 1998"]
[Source "ChessBase"]
[SourceDate "1997.11.17"]
[SourceVersion "1"]
[SourceVersionDate "1997.11.17"]
[SourceQuality "1"]

1. c4 Nf6 2. Nc3 c5 3. g3 e6 4. Nf3 b6 5. Bg2 Bb7 6. 0-0 Be7 7. d4 cxd4 8. Qxd4 Nc6 9. Qf4 Nh5 10. Qd2 0-0 11. Rd1 Nf6 12. b3 Bb4 13. Qb2 Qe7 14. a3 Bxc3 15. Qxc3 d5 16. Bb2 dxc4 17. Qxc4 Na5 18. Qb4 Rfe8 19. Rac1 Nc6 20. Qc3 Rac8 21. b4 Nb8 22. Qd4 Nbd7 23. Qh4 Nf8 24. h3 Bc6 25. Qf4 Ba4 26. Re1 Bc6 27. Qe3 Red8 28. Nd4 Bxg2 29. Kxg2 Nd5 30. Qf3 Qe8 31. b5 Rd7 32. Nc6 f6 33. Red1 Rdc7 34. Rc4 Nd7 35. a4 Qf7 36. e4 1-0

[Event "Oberwart op"]
[Site "Oberwart"]
[Date "1994.??.??"]
[Round "5"]
[White "Landa, Konstantin"]
[Black "Strauss, Anton"]
[Result "1-0"]
[WhiteElo "2510"]
[BlackElo "2245"]
[PlyCount "99"]
[EventDate "1994.07.??"]
[EventType "swiss"]
[EventRounds "9"]
[EventCountry "AUT"]
[SourceTitle "EXT 1998"]
[Source "ChessBase"]
[SourceDate "1997.11.17"]
[SourceVersion "1"]
[SourceVersionDate "1997.11.17"]
[SourceQuality "1"]

1. d4 Nf6 2. c4 e6 3. Nf3 Bb4+ 4. Bd2 Qe7 5. g3 Nc6 6. Nc3 Bxc3 7. Bxc3 Ne4 8. Rc1 0-0 9. Bg2 d6 10. 0-0 Nxc3 11. Rxc3 e5 12. d5 Nb8 13. Qc2 a5 14. c5 Na6 15. cxd6 cxd6 16. Nd2 b5 17. Rc1 Bd7 18. Qd3 Rfb8 19. b3 g6 20. e4 Qd8 21. Qe2 a4 22. Rb1 b4 23. Rc2 Nc5 24. Qe3 axb3 25. axb3 Bb5 26. Bf1 Bxf1 27. Rxf1 Ra3 28. Rb1 Rba8 29. Rcc1 Ra2 30. Nc4 Qf6 31. f3 Nd7 32. h4 h5 33. Rb2 Kg7 34. Rbc2 Rxc2 35. Rxc2 Ra1+ 36. Kg2 Rb1 37. Nd2 Ra1 38. Rc6 Ra2 39. Kh3 Nb8 40. Rc8 Na6 41. Nc4 Qe7 42. Rc6 Rc2 43. Rxa6 Qd7+ 44. g4 hxg4+ 45. Kg3 Rc3 46. Ra7 Qd8 47. Qg5 Rxf3+ 48. Kxg4 Rf6 49. Kg3 Qc8 50. Qxf6+ 1-0

[Event "Oberwart op"]
[Site "Oberwart"]
[Date "1994.??.??"]
[Round "2"]
[White "Strauss, Anton"]
[Black "Loginov, Valery A"]
[Result "0-1"]
[WhiteElo "2245"]
[BlackElo "2610"]
[PlyCount "63"]
[EventDate "1994.07.??"]
[EventType "swiss"]
[EventRounds "9"]
[EventCountry "AUT"]
[SourceTitle "EXT 1998"]
[Source "ChessBase"]
[SourceDate "1997.11.17"]
[SourceVersion "1"]
[SourceVersionDate "1997.11.17"]
[SourceQuality "1"]

1. e4 c5 2. Nf3 d6 3. d4 cxd4 4. Nxd4 Nf6 5. Nc3 a6 6. Bc4 e6 7. Bb3 Be7 8. 0-0 Nc6 9. f4 0-0 10. Kh1 Nxd4 11. Qxd4 b5 12. f5 Ng4 13. Qd1 Ne5 14. a4 Rb8 15. axb5 axb5 16. Ne2 exf5 17. exf5 Nc4 18. Ng3 Bf6 19. Nh5 Re8 20. Qg4 Bb7 21. Bxc4 bxc4 22. Nxf6+ Qxf6 23. Bg5 Qxb2 24. f6 Re4 25. Bf4 Qxf6 26. Rab1 Rbe8 27. Qg3 Ba8 28. Bxd6 Qe6 29. Rg1 h5 30. Rb8 Rxb8 31. Bxb8 h4 32. Qa3 0-1

[Event "AUT-ch sf"]
[Site "Hartberg"]
[Date "1992.??.??"]
[Round "?"]
[White "Higatsberger, Michael"]
[Black "Strauss, Anton"]
[Result "1-0"]
[WhiteElo "2205"]
[BlackElo "2225"]
[PlyCount "78"]
[EventDate "1992.??.??"]
[EventType "swiss"]
[EventRounds "9"]
[EventCountry "AUT"]
[SourceTitle "EXT 2002"]
[Source "ChessBase"]
[SourceDate "2001.11.25"]
[SourceVersion "1"]
[SourceVersionDate "2001.11.25"]
[SourceQuality "1"]

1. c4 Nf6 2. Nc3 d6 3. g3 g6 4. Bg2 Bg7 5. e4 c5 6. Nge2 Nc6 7. Rb1 Bd7 8. 0-0 h5 9. h3 Qc8 10. Kh2 h4 11. g4 Ne5 12. g5 Nh5 13. d3 Ng3 14. Re1 Bg4 15. hxg4 h3 16. Nxg3 Nxg4+ 17. Kg1 Bd4 18. Be3 hxg2 19. Qf3 Rh2 20. Nf5 gxf5 21. exf5 Ne5 22. Qg3 Bxc3 23. bxc3 Qc6 24. Kxh2 Nf3+ 25. Kh3 0-0-0 26. Qxg2 Rh8+ 27. Kg3 Rh2 28. Qxh2 Nxh2 29. Kxh2 Qf3 30. d4 Qxf5 31. Kg3 Qd3 32. dxc5 dxc5 33. Red1 Qxc4 34. Rbc1 b6 35. Rc2 Kc7 36. Rcd2 Kc6 37. Rd7 Qxa2 38. Rxe7 a5 39. Rdd7 Qa1 1-0